LIBRARY & INFORMATION CENTRE, KCAET, TAVANUR

ONLINE PUBLIC ACCESS CATALOGUE (OPAC)

Atomic physics / (Record no. 7194)

MARC details
000 -LEADER
fixed length control field 00481cam a2200205ua 4500
041 ## - LANGUAGE CODE
Language code of text/sound track or separate title eng
082 ## - DEWEY DECIMAL CLASSIFICATION NUMBER
Classification number 539.7
Item number BOR/AT
100 ## - MAIN ENTRY--AUTHOR NAME
Personal name Bron, Max .
245 ## - TITLE STATEMENT
Title Atomic physics /
250 ## - EDITION STATEMENT
Edition statement 7 /
260 ## - PUBLICATION, DISTRIBUTION, ETC. (IMPRINT)
Place of publication London :
Name of publisher English Language Book Society ,
Year of publication 1963.
300 ## - PHYSICAL DESCRIPTION
Number of Pages 459 ; .
942 ## - ADDED ENTRY ELEMENTS (KOHA)
Koha item type Books
Holdings
Withdrawn status Lost status Damaged status Home library Current library Date acquired Full call number Accession Number Koha item type
Withdrawn     KAUAET KAUAET 07/04/2012 539.7 BOR/AT 2666 Books
      KAUAET KAUAET 07/04/2012 539.7 BOR/AT 4315 Books
      KAUAET KAUAET 07/04/2012 539.7 BOR/AT 4316 Books
free website counter